00659nam a2200241 a 4500001001300000003000900013005001700022008004100039020000900080082001600089100001900105245001900124260002300143300000900166500003500175505001000210650002900220700001900249902000800268942000700276952011700283999001700400nice12345678IN_TiNIC20260116015252.0050524s1985 dela grp 000 0 urd  ac3500a297.64bNAF aNafe, Mohammad aBanaat-E-Arbaa aDelhibTajcoc1985 a448p aincludes index and biblioraphy2 aIndex aMuhammad, Prophet-Family1 aNafe, Mohammad bSRS cBK 001040708StackRoom-aHMIbHMId2008-05-07g35.00l0o297.64 NAFp11000093r2008-05-07v35.00w2005-05-24yBK c18997d18997